00742nam a2200181Ia 4500008004100000020001500041041001200056082001600068100001700084245004500101260003700146300000900183650001400192942000700206999001500213952017100228952016100399221030s9999 xx 000 0 und d a8185842841 aEnglish a105.23bSha aB. K. Sharma 0aEnvironmental Chemistrycby B. K. Sharma bKrishna PrakashansaMeerutc2000 a1360 aChemistry cBK c7059d7059 pBE 3109g300.00l0o105.23 Shar2024-06-13 00:00:00w2022-10-30yBK003Print4070aMIETLIBbMIETLIBcBL-Academic Block A, FL-1, CUP-19, SH-5, R-5d2001-03-1710HBE pBE 3110g300.00l0o105.23 Shar2024-06-13 00:00:00w2022-10-30yBK003Print4071aMIETLIBbMIETLIBcBL-Second, FL-1, CUP-59, SH-5, R-5d2001-03-1710HBE